00377nam a2200121Ia 4500008004100000245011600041260001700157260000900174300000800183650002300191650001200214856002900226170516s9999 xx 000 0 und d aEMMPRIN-Targeted Magnetic Nanoparticles for In Vivo Visualization and Regression of Acute Myocardial Infarction bTheranostics c2016 a6:4 xMedical Technology xMedtech uhttp://www.thno.org/v6i4